000 00554nam a2200193 i 4500
001 74869
003 ES-MaACL
005 20250903024954.0
007 t|
008 040921m19151918fr ||||1| fre d
100 1 _aGoursat, Edouard.
_959366
245 1 0 _aCours d'analyse mathématique /
_cpar Edouard Goursat.
250 _a3eme ed., rev. et aug.
260 _aParís :
_bGauthier-Villars,
_c1915-18.
300 _a3 v. :
_bil. ;
_c25 cm.
650 0 7 _aAnálisis matemático
_2embne
_99772
852 _aES-MaACL
_jF-500-2
999 _c74869
_d74869